000 01192nas a2200253 454500
001 17572
005 20260407193505.0
008 260407s1991####ag###########|||spa#d
003 AR-UNSa-BCEJYS
040 _aAR-UNSa-BCEJYS
_bspa
_cAR-UNSa-BCEJYS
080 _a311.3
_xOrganización general de las estadisticas. Estadística oficial
245 1 0 _aEdificación
_ppermisos para construcciones privadas
022 _a0328-0950
264 1 _aBuenos Aires :
_bINDEC
_c1991
310 _aFrecuencia: Anual
505 _a1. Municipios considerados en el relevamiento - 2. Características del operativo de relevamiento - 3. Variables consideradas - 4. Estimación de datos faltantes - 5. Elaboración del indice de superficie cubierta autorizada - 6. Conjuntos habitacionales con financiación pública - 7. Análisis general de los resultados obtenidos
942 _cSER
590 _aniveau_biblio:s niveau_hierar:1
100 1 _aInstituto Nacional de Estadística y Censos (INDEC)
650 _aESTADISTICA
650 _aConstrucción de viviendas
650 _aPoblación urbana
856 4 1 _uhttps://biblioeco.unsa.edu.ar/pmb/images/revistas/Edificaci?n.jpg
_yImagen de portada
_qimage/jpeg
999 _c8497
_d8497